| 000 | 00653nam a22002177a 4500 | ||
|---|---|---|---|
| 005 | 20260515115022.0 | ||
| 008 | 240520b |||||||| |||| 00| 0 eng d | ||
| 020 | _a9788193662151 | ||
| 040 |
_aIN-DiNC _cIN-DiNC |
||
| 041 | _deng | ||
| 082 |
_a333.95 _bPER |
||
| 245 |
_aPerspective on biodiversity and sustainable development/ _ced. by Taj Uddin Khan and Anup Dey |
||
| 260 |
_aGuwahati: _bAssam College Teachers Association, _c2018. |
||
| 300 | _a144p. | ||
| 650 | _aBiodiversity | ||
| 650 | _aBiological resources | ||
| 650 | _aSustainable development | ||
| 700 |
_aKhan, Taj Uddin _eEditor |
||
| 700 |
_aDey, Anup _eEditor |
||
| 942 |
_2ddc _cBK |
||
| 999 |
_c11810 _d11810 |
||